<?xml version="1.0" encoding="UTF-8"?><?xml-stylesheet type="text/xsl" href="static/style.xsl"?><OAI-PMH xmlns="http://www.openarchives.org/OAI/2.0/" xmlns:xsi="http://www.w3.org/2001/XMLSchema-instance" xsi:schemaLocation="http://www.openarchives.org/OAI/2.0/ http://www.openarchives.org/OAI/2.0/OAI-PMH.xsd"><responseDate>2026-06-02T04:16:21Z</responseDate><request verb="GetRecord" identifier="oai:riubu.ubu.es:10259/7265" metadataPrefix="marc">https://riubu.ubu.es/oai/request</request><GetRecord><record><header><identifier>oai:riubu.ubu.es:10259/7265</identifier><datestamp>2023-03-17T12:41:39Z</datestamp><setSpec>com_10259_3847</setSpec><setSpec>com_10259_5086</setSpec><setSpec>com_10259_2604</setSpec><setSpec>col_10259_3848</setSpec></header><metadata><record xmlns="http://www.loc.gov/MARC21/slim" xmlns:doc="http://www.lyncode.com/xoai" xmlns:xsi="http://www.w3.org/2001/XMLSchema-instance" xmlns:dcterms="http://purl.org/dc/terms/" xsi:schemaLocation="http://www.loc.gov/MARC21/slim http://www.loc.gov/standards/marcxml/schema/MARC21slim.xsd">
<leader>00925njm 22002777a 4500</leader>
<datafield tag="042" ind1=" " ind2=" ">
<subfield code="a">dc</subfield>
</datafield>
<datafield tag="720" ind1=" " ind2=" ">
<subfield code="a">Sedano, Javier</subfield>
<subfield code="e">author</subfield>
</datafield>
<datafield tag="720" ind1=" " ind2=" ">
<subfield code="a">González González, Silvia .</subfield>
<subfield code="e">author</subfield>
</datafield>
<datafield tag="720" ind1=" " ind2=" ">
<subfield code="a">Chira, Camelia</subfield>
<subfield code="e">author</subfield>
</datafield>
<datafield tag="720" ind1=" " ind2=" ">
<subfield code="a">Herrero Cosío, Álvaro</subfield>
<subfield code="e">author</subfield>
</datafield>
<datafield tag="720" ind1=" " ind2=" ">
<subfield code="a">Corchado, Emilio</subfield>
<subfield code="e">author</subfield>
</datafield>
<datafield tag="720" ind1=" " ind2=" ">
<subfield code="a">Villar, José Ramón</subfield>
<subfield code="e">author</subfield>
</datafield>
<datafield tag="260" ind1=" " ind2=" ">
<subfield code="c">2017-02</subfield>
</datafield>
<datafield tag="520" ind1=" " ind2=" ">
<subfield code="a">In recent years, mobile devices such as smartphones, tablets and wearables have become the new paradigm of user–computer&#xd;
interaction. The increasing use and adoption of such devices is also leading to an increased number of potential security risks.&#xd;
The spread of mobile malware, particularly on popular and open platforms such as Android, has become a major concern.&#xd;
This paper focuses on the bad-intentioned Android apps by addressing the problem of selecting the key features of such&#xd;
software that support the characterization of such malware. The accurate detection and characterization of this software is&#xd;
still an open challenge, mainly due to its ever-changing nature and the open distribution channels of Android apps. Maximum&#xd;
relevance minimum redundancy and evolutionary algorithms guided by information correlation measures have been applied&#xd;
for feature selection on the well-known Android Malware Genome (Malgenome) dataset, attaining interesting results on the&#xd;
most informative features for the characterization of representative families of existing Android malware.</subfield>
</datafield>
<datafield tag="024" ind2=" " ind1="8">
<subfield code="a">1367-0751</subfield>
</datafield>
<datafield tag="024" ind2=" " ind1="8">
<subfield code="a">http://hdl.handle.net/10259/7265</subfield>
</datafield>
<datafield tag="024" ind2=" " ind1="8">
<subfield code="a">10.1093/jigpal/jzw046</subfield>
</datafield>
<datafield tag="024" ind2=" " ind1="8">
<subfield code="a">1368-9894</subfield>
</datafield>
<datafield ind1=" " ind2=" " tag="653">
<subfield code="a">Feature selection</subfield>
</datafield>
<datafield ind1=" " ind2=" " tag="653">
<subfield code="a">Evolutionary computation</subfield>
</datafield>
<datafield ind1=" " ind2=" " tag="653">
<subfield code="a">Max-relevance min-redundancy criteria</subfield>
</datafield>
<datafield ind1=" " ind2=" " tag="653">
<subfield code="a">Information correlation coefficient</subfield>
</datafield>
<datafield ind1=" " ind2=" " tag="653">
<subfield code="a">Android</subfield>
</datafield>
<datafield ind1=" " ind2=" " tag="653">
<subfield code="a">Malware</subfield>
</datafield>
<datafield tag="245" ind1="0" ind2="0">
<subfield code="a">Key features for the characterization of Android malware families</subfield>
</datafield>
</record></metadata></record></GetRecord></OAI-PMH>